| 000 | 00847nam a2200229Ia 4500 | ||
|---|---|---|---|
| 001 | 15712 | ||
| 003 | GE_BSU | ||
| 008 | 181216s||||||||xx |||||||||||||| ||und|| | ||
| 040 | _cGE_BSU | ||
| 080 | _a821.353.1-32 | ||
| 100 | _aწერეთელი, გიორგი | ||
| 245 | _aკიკოლიკი, ჩიკოლიკი და კუდაბზიკა. ნაწ. 1 და 2 | ||
| 245 | _bმგზავრის წერილებიდან | ||
| 245 | _cრედ. ლ. ასათიან | ||
| 260 | _aტფილისი | ||
| 260 | _bფედერაცია | ||
| 260 | _c1935 | ||
| 300 | _a148 გვ.22სმ | ||
| 653 | _aკიკოლიკი, ჩიკოლიკი და კუდაბზიკა | ||
| 653 | _aმგზავრის წერილებიდან | ||
| 942 | _cBK | ||
| 999 |
_c48810 _d48810 |
||